000 00665ngm a2200301 a 4500
003 OSt
005 20251020182659.0
008 240217s9999 xx 000 0 und d
040 _aPE SENCICO BE
040 _cPE SENCICO BE
041 _aspa
082 _aI005
245 0 _aLa Construcción y el Medio Ambiente /
245 0 _cDIN-SENCICO
260 _aLima
260 _bDIN-SENCICO
260 _c1999
300 _a1 VIDEO
300 _bson., Col.
300 _c1:32'
490 _aMEDIO AMBIENTE
500 _aDocumental
650 _aCONSTRUCCION
650 _aMEDIO AMBIENTE
651 _aPERÚ
910 _aila.
942 _cVID
_2ddc
999 _c4778
_d4778